Frazioni del comune di Trieste - Statistics

Statistiche generali
  • Questo quiz è stato fatto 15 volte
  • Il punteggio medio è 7 su 24
Statistiche sulle risposte
Hint Risposta % Corretto
22 Stazione Villa Opicina - Campagna
85%
24 Villa Opicina
85%
12 Prosecco
62%
3 Basovizza
46%
8 Gropada
31%
16 Santa Croce
31%
17 Santa Croce Mare
31%
19 Sorgenti di Aurisina
31%
2 Area di ricerca
23%
7 Grignano
23%
10 Longera
23%
11 Padriciano
23%
13 Prosecco - Contovello
23%
18 Santo Stefano
23%
20 Sottomonte
23%
21 Stazione Elettrica Padriciano
23%
23 Trebiciano
23%
1 Aquilinia
15%
6 Cattinara
15%
4 Bosco Fornace
8%
5 Case sparse
8%
9 Grozzana
8%
15 Sanatorio
8%
14 San Primo Mare
8%
Nessun quiz corrispondente trovato
Distribuzione punteggi
Percentuale di utenti per punteggio
Percentile per numero di risposta
I tuoi punteggi nel tempo
Non hai fatto questo quiz